000
00261nam a22001217a 4500
008
180919b xxu||||| |||| 00| 0 eng d
041
_a
eng
080
_a
616.12
100
_a
7
101
_a
KAR
245
_a
Pulmonary Grand Rounds
_c
Schwarz
942
_2
udc
_c
BK
999
_c
48079
_d
48079